000 00422pab a2200169 454500
008 180718b2010 xxu||||| |||| 00| 0 eng d
100 _aSilkligar, P.C.
245 _aRural employment gurantee scheme in Assam: An appraisal
260 _c2010
300 _ap.1-12.
362 _aSep
650 _aEmployment - India - Assam
650 _aEmployment
773 _aMan and Development
908 _aN
909 _a89336
999 _c89336
_d89336